000 00626nam a2200265Ia 4500
005 20260121164927.0
008 008 260114s9999 xx 000 0 eng d
020 _a9783662045657
037 _aEBOOK
040 _aCRL
040 _beng
040 _cCRL
041 _2eng
041 _aeng
084 _qCRL
100 _aVijay V. Vazirani
_91045379
245 0 _aApproximation Algorithms
260 _bSpringer
260 _bSpringer
260 _c2003
856 _uhttp://link.springer.com/openurl?genre=book&isbn=978-3-662-04565-7
942 _cEBOOK
999 _c1611102
_d1611102